MARC Record
Leader
003
BE-GnUNI
007
't'u
035
a| (MSK)310002339
084
a| I.JAENISCH H.1
245
0
0
a| Hans Jaenisch (exhibition New York, Kleemann Galleries, 27.04 - 31.05.1956).
260
a| New York City :
b| Kleemann Galleries,
c| 1956.
546
a| Engels
585
a| Hans Jaenisch
500
a| Tentoonstellingscatalogus
600
1
7
a| Jaenisch, Hans.
2| z
852
4
b| MSK
c| MSK
j| I.JAENISCH H.1
920
a| boek
001
000002331
005
20241224121600.0